| 000 | 00681cab a2200229 4500 | ||
|---|---|---|---|
| 001 | WB3306-19 | ||
| 008 | 090401t1997 xxu||||| |||| 00| 0 eng d | ||
| 035 | _a(Sirsi) u43873 | ||
| 041 | _aeng | ||
| 245 | _aNHBC complaints | ||
| 260 | _c1997 | ||
| 350 | _a0 | ||
| 490 |
_aObserver _v2 February 1997, 23(1) |
||
| 520 | _aThe Association of New Homeowners has received over 600 complaints from buyers claiming they have encountered problems with the NHBC warranty scheme. | ||
| 650 | _aASSOCIATION OF NEW HOMEOWNERS | ||
| 650 | _aHOUSE BUILDERS | ||
| 650 | _aNHBC WARRANTY | ||
| 650 | _aSTRUCTURAL WARRANTIES | ||
| 690 | _aHOUSING | ||
| 942 | _n0 | ||
| 948 | _c04/03/1997 | ||
| 999 |
_c27968 _d27968 |
||